000 00696nam a2200229 a 4500
001 000023020
005 20200930021933.0
008 101124s1980 sp 000 f spa d
020 _a8427017294
040 _aDO-SdBNP
_bspa
_cBNPHU
082 _a813.54
_bS813r
100 1 _aSteel, Danielle,
_d1947-
_910718
240 1 0 _aGoint home.
_lEspañol
245 1 0 _aRegreso al hogar /
_cDanielle Steel ; traducción de Jordi Arbonès.
260 _aBarcelona :
_bMartínez Roca,
_c1980.
534 _aTítulo original :
_tGoint home
650 4 _aNovela estadounidense
_9262
650 4 _aLiteratura estadounidense
_9263
700 1 _aArbonès, Jordi,
_etr.
_910719
910 _aWM
049 _aBNGR
999 _c22517
_d22517